000 01003nam a22003257a 4500
003 CHAP
005 20220329143607.0
008 100805s2009 mx r 00010 spa d
010 _a99002
011 _a99974
020 _a9786071201058
035 _a110660
040 _cCHAP
082 1 4 _a121
_bR66
100 0 0 _aRomán Cárdenas, Luis Manuel.
_999729
245 1 0 _aReseña crítica de la epistemología
_c/por Luis Manuel Román Cárdenas
260 _aChapingo, Méx. :
_bUACH,
_c2009
300 _a273 p.
590 _aBATCH-UPD
_b10
_c20130110
_lUCH01
_h0931
590 _aBATCH-UPD
_b10
_c20130410
_lUCH01
_h0550
590 _aBATCH-UPD
_b10
_c20130914
_lUCH01
_h0934
590 _aCONVERSION
_b10
_c20130109
_lUCH01
_h1355
650 1 4 _aCiencia
_xFilosofía.
_923124
650 1 4 _aConocimiento, Teoría del.
_927232
650 1 4 _aPensamiento.
_986728
901 _aBK
911 _aen proceso
942 _cLIBRO
949 _a121 R66
_bBC
_cUACH
_d33724002216652
_eUACH
_gI.c/e
_h113085
_i110660
_sb
999 _c99002
_d99002